Statystyki dla Zawodnicy zwycięskich drużyn mistrzostw w CS:GO

Kliknij tutaj aby rozwiązać quiz!

Ogólne statystyki

  • Ten quiz został rozwiązany 59 razy
  • Średni wynik to 47 z 90

Statystyki odpowiedzi

RokMiejsceZwycięzcaZawodnicy% Poprawnych
2022RioOutsidersJame
84%
KatowiceVirtus.proNEO
84%
pashaBiceps
84%
s1mple
84%
Snax
84%
TaZ
84%
byali
81%
rain
79%
broky
77%
AtlantaAstralisdevice
77%
2019BerlinAstralisdevice
77%
device
77%
device
77%
AntwerpiaFaZe Clankarrigan
77%
ropz
74%
2021SztokholmNatus Vincereelectronic
72%
Magisk
70%
Magisk
70%
Magisk
70%
Perfecto
70%
b1t
67%
flusha
67%
flusha
67%
flusha
67%
coldzera
65%
2016KoloniaSK Gamingcoldzera
65%
Dupreeh
65%
Dupreeh
65%
Dupreeh
65%
2018LondynAstralisDupreeh
65%
Twistzz
65%
gla1ve
63%
gla1ve
63%
gla1ve
63%
gla1ve
63%
Dosia
60%
Xyp9x
60%
Xyp9x
60%
KatowiceAstralisXyp9x
60%
Xyp9x
60%
JW
58%
JW
58%
JW
58%
2015Kluż-NapokaTeam EnVyUskennyS
58%
Hobbit
56%
KRIMZ
56%
KRIMZ
56%
fame
51%
TACO
51%
ColumbusLuminosity GamingTACO
51%
GeT_RiGhT
49%
apEX
47%
falleN
47%
falleN
47%
qikert
47%
Boombl4
44%
FL1T
44%
olofmaister
44%
KatowiceFnaticolofmaister
44%
Skadoodle
44%
f0rest
42%
fer
42%
fer
42%
Happy
42%
Happy
42%
friberg
40%
fnx
37%
fnx
37%
Kjaerbye
37%
NBK-
37%
NBK-
37%
AdreN
33%
autimatic
33%
2017KrakówGambit Esportmou
33%
shox
33%
kioShiMa
30%
2014JönköpingTeam LOLC.comkioShiMa
30%
pronax
30%
KoloniaFnaticpronax
30%
pronax
30%
KoloniaNinjas in PyjamasXizt
30%
Zeus
30%
2013JönköpingFnaticDevilwalk
28%
BostonCloud9Rush
28%
n0rb3r7
23%
Fifflaren
21%
znajder
12%
SmithZz
9%
talik
7%
Sawie2K
2%

Rozkład punktacji

Percentyl według liczby udzielonych odpowiedzi

Procent ludzi z każdym wynikiem

Twoja historia wyników

Nie rozwiązałeś tego quizu